000
00335nam a22001457a 4500
008
221020b ||||| |||| 00| 0 eng d
020
_a
9780130918499
041
_a
eng
080
_2
TENTH EDITION
_a
159.9
082
_a
159.9 SAR
100
_a
24.1
101
_a
PSI
245
_a
ABNORMAL PSYCHOLOGY
_c
SARASON G.I
942
_2
udc
_c
BK
999
_c
58632
_d
58632